Quase a chegar! (Record no. 1870)

MARC details
000 -Etiqueta do registo
Valores 00701nam a2200253 4500
010 ## - Número ISBN
ISBN 9789897878336
021 ## - Número do Depósito Legal
Código do país Portugal
Número 528769/24
100 ## - Dados gerais de processamento
Dados gerais 20250522d2024 c||y0pory50030103ba
101 ## - Língua de publicação
Língua Português
102 ## - País de publicação
País Portugal
200 ## - Titulo e menção de responsabilidade
Título próprio Quase a chegar!
Primeira menção de responsabilidade Maria Inês Almeida
Outras menções de responsabilidade il. Manel Cruz
205 ## - Menção da edição
Edição 1ª edição
210 ## - Publicação
Local de publicação Lisboa
Nome do editor Nuvem de Letras
Data de publicação 2024
215 ## - Descrição física 
Paginação / Volumes 143, [1] p.
Outras indicações físicas il.
Dimensões 20 cm
225 ## - Colecção 
Título próprio da colecção Diário de uma miúda como tu
Indicação de volume 13
300 ## - Notas gerais 
Texto da nota BMB-Registado
606 ## - Nome comum usado como assunto
ID Autoridade 815
Palavra de ordem Literatura Juvenil
675 ## - CDU
Notação 087.5
Edição BMB
Língua por
700 ## - Autor principal (pessoa individual)
Apelido Almeida
Nome Maria Inês
Datas 1978-
ID Autoridade 1076
702 ## - Autor secundário (pessoa individual)
Apelido Cruz
Nome Manuel
Datas 1979-
Função Ilustrador
ID Autoridade 2691
801 ## - Fonte de origem
País PT
Agência BMB
Regras de catalogação RPC
990 ## - Elementos KOHA
Tipo de documento Livro
Holdings
Situação do levantamento Estado Número Biblioteca de origem Código de barras Cota Permissão de empréstimo Tipo de documento Forma de aquisição
    1 Biblioteca Municipal de Borba 1820 087.5 ALM / QUA   Livro Compra
Biblioteca Municipal de Borba

Powered by Koha